Statistics for One-Name Singers Quiz #2

Click here to take the quiz!

General Stats

  • This quiz has been taken 128 times
  • The average score is 9 of 20

Answer Stats

SongsSinger% Correct
Crazy In Love | Single LadiesBeyonce
94%
Lose Yourself | Rap GodEminem
81%
Gangnam Style | GentlemanPSY
79%
Chandelier | UnstoppableSia
74%
Just Give Me a Reason | So WhatPink
62%
Wake Me Up | Hey BrotherAvicii
54%
Somebody That I Used to Know | Save MeGotye
54%
With or Without You | Beautiful DayBono
51%
99 Luftballons | Nur geträumtNena
51%
Smooth Operator | The Sweetest TabooSade
49%
It Wasn't Me | AngelShaggy
49%
Hot in Herre | GrillzNelly
44%
Rock Me Amadeus | Der KommissarFalco
37%
Loser | Where It's AtBeck
32%
Sweet Child O' Mine | November RainSlash
30%
If I Ruled The World | PatienceNas
12%
Con Altura | TKNRosalía
6%
Loco Contigo | TasteTyga
6%
Boometang | Kid in a Candy StoreJoJo
4%
Beer Barrel Polka | Strangers in the NightLiberace
1%

Score Distribution

Percentile by Number Answered

Percent of People with Each Score

Your Score History

You have not taken this quiz